000 00568nam a22001817a 4500
999 _c190377
_d190377
005 20220722153832.0
010 _aENG-133892
020 _a979351950196
_c399.00
035 _aEN-117425
037 _bDBAD/PUB
082 _aN
100 _aSobhrajani, Manisha
245 _aForest of Tides:
_bthe untold story of the Sunderbans/
_cManisha Sobhrajani
260 _aGurugram
_bHachette Book publishing India pvt. Ltd
_c2018
270 _a4th/5th floors, corporate centre , sector 44
_bGurugram
_e122003
300 _axxx,166p.
_c20cm(pbk)
942 _2ddc
_cEN
_hN
_mSOB